000 00318nam a2200145Ia 4500
008 210210b1972 xxu||||| |||| 00| 0 eng d
082 _a512 LANA
100 _aLANG (Serge).
245 _aAlgebra.
260 _aLondon
_bA W P Co.
_c1972
300 _a526
650 _aAlgebra
690 _aAlgebra
906 _a032085
999 _c83087
_d83087